000 00571nam a2200181Ia 4500
008 090124s9999 xx 000 0 und d
082 _b31674
_a2271
100 _aपांडे सतीश
245 _a क्ष ' किरणांची नवलकथा
250 _a1
260 _c2002
300 _a48
600 _aपांडे सतीश
630 _a क्ष ' किरणांची नवलकथा
700 _aपांडे सतीश
730 _a क्ष ' किरणांची नवलकथा
942 _cBOOK
999 _c145154
_d145154